GRAY'S ANATOMY: THE ANATOMICAL BASIS OF CLINICAL PRACTICE (Record no. 15531)

MARC details
000 -LEADER
fixed length control field 00379nam a22001577a 4500
003 - CONTROL NUMBER IDENTIFIER
control field SGT
020 ## - INTERNATIONAL STANDARD BOOK NUMBER
International Standard Book Number 978-0-720-6306-0
082 ## - DEWEY DECIMAL CLASSIFICATION NUMBER
Classification number 611
Item number G16S
100 ## - MAIN ENTRY--PERSONAL NAME
Personal name STANDRING, SUSAN
245 ## - TITLE STATEMENT
Title GRAY'S ANATOMY: THE ANATOMICAL BASIS OF CLINICAL PRACTICE
250 ## - EDITION STATEMENT
Edition statement 41ST
260 ## - PUBLICATION, DISTRIBUTION, ETC. (IMPRINT)
Place of publication, distribution, etc PHILADELPHIA
Name of publisher, distributor, etc ELSEVIER
Year of Publication 2016
300 ## - PAGE DESCRIPTION
No. of Pages 1562
650 ## - SUBJECT ADDED ENTRY--TOPICAL TERM
Topical term or geographic name as entry element ANATOMY
942 ## - ADDED ENTRY ELEMENTS (KOHA)
Source of classification or shelving scheme Dewey Decimal Classification
Koha item type Books
942 ## - ADDED ENTRY ELEMENTS (KOHA)
-- 2
Holdings
Withdrawn status Lost status Source of classification or shelving scheme Damaged status Not for loan Collection code Home library Current library Shelving location Date acquired Vendor Name SGTU Bill Number Total Checkouts Full call number Accession No. (Barcode) Date last seen Bill Date Koha item type Date last borrowed
    Dewey Decimal Classification   Not For Loan MEDICAL SGT Medical Library SGT Medical Library Reference Book 12/06/2018 APC SGTU 9732   611 G16S FM10651 12/06/2018 15/05/2018 Books  
    Dewey Decimal Classification   Not For Loan MEDICAL SGT Medical Library SGT Medical Library Reference Book 12/06/2018 APC SGTU 9732 3 611 G16S FM10652 25/07/2024 15/05/2018 Books 25/07/2024